Commercial arbitration : (Record no. 613329)

000 -LEADER
fixed length control field 01582cam a2200385 i 4500
001 - CONTROL NUMBER
control field 18215867
005 - DATE AND TIME OF LATEST TRANSACTION
control field 20250314115952.0
008 - FIXED-LENGTH DATA ELEMENTS--GENERAL INFORMATION
fixed length control field 140708s2011 stk b 001 0 eng d
010 ## - LIBRARY OF CONGRESS CONTROL NUMBER
LC control number 2014431335
016 7# - NATIONAL BIBLIOGRAPHIC AGENCY CONTROL NUMBER
Record control number 015770056
Source Uk
020 ## - INTERNATIONAL STANDARD BOOK NUMBER
International Standard Book Number 9781845861070
020 ## - INTERNATIONAL STANDARD BOOK NUMBER
International Standard Book Number 1845861078
035 ## - SYSTEM CONTROL NUMBER
System control number (OCoLC)ocn703209265
040 ## - CATALOGING SOURCE
Original cataloging agency CDX
Language of cataloging eng
Transcribing agency CDX
Description conventions rda
Modifying agency OCLCQ
-- YDXCP
-- BWK
-- UAB
-- UKMGB
-- OCLCQ
-- OCLCO
-- OCLCF
-- OCLCQ
-- OCLCA
-- OCLCQ
-- DLC
042 ## - AUTHENTICATION CODE
Authentication code lccopycat
043 ## - GEOGRAPHIC AREA CODE
Geographic area code e-uk-st
050 00 - LIBRARY OF CONGRESS CALL NUMBER
Classification number KDC904
Item number .Y8 2011
055 #8 - CLASSIFICATION NUMBERS ASSIGNED IN CANADA
Classification number KF9805
Item number .Y8 2011
Source of call/class number kfmod
082 04 - DEWEY DECIMAL CLASSIFICATION NUMBER
Classification number 347.41109
Author Mark HON
100 1# - MAIN ENTRY--PERSONAL NAME
Personal name Yu, Hong-Lin,
Relator term author.
9 (RLIN) 128321
245 10 - TITLE STATEMENT
Title Commercial arbitration :
Remainder of title the Scottish and international perspectives /
Statement of responsibility, etc. Hong-Lin Yu, Ph. D., reader in law, University of Stirling ; foreword by the Hon Lord Dervaird.
264 #1 - PRODUCTION, PUBLICATION, DISTRIBUTION, MANUFACTURE, AND COPYRIGHT NOTICE
Place of production, publication, distribution, manufacture Dundee :
Name of producer, publisher, distributor, manufacturer Dundee University Press,
Date of production, publication, distribution, manufacture, or copyright notice 2011.
300 ## - PHYSICAL DESCRIPTION
Extent xlvi, 363 pages ;
Dimensions 24 cm
336 ## - CONTENT TYPE
Content type term text
Content type code txt
Source rdacontent
337 ## - MEDIA TYPE
Media type term unmediated
Media type code n
Source rdamedia
338 ## - CARRIER TYPE
Carrier type term volume
Carrier type code nc
Source rdacarrier
504 ## - BIBLIOGRAPHY, ETC. NOTE
Bibliography, etc. note Includes bibliographical references and index.
650 #0 - SUBJECT ADDED ENTRY--TOPICAL TERM
Topical term or geographic name entry element Arbitration and award
Geographic subdivision Scotland.
9 (RLIN) 128322
650 #0 - SUBJECT ADDED ENTRY--TOPICAL TERM
Topical term or geographic name entry element International commercial arbitration.
9 (RLIN) 114435
856 41 - ELECTRONIC LOCATION AND ACCESS
Materials specified Table of contents only
Uniform Resource Identifier <a href="http://www.loc.gov/catdir/toc/fy14pdf05/2014431335.html">http://www.loc.gov/catdir/toc/fy14pdf05/2014431335.html</a>
856 42 - ELECTRONIC LOCATION AND ACCESS
Materials specified Publisher description
Uniform Resource Identifier <a href="http://www.loc.gov/catdir/enhancements/fy1604/2014431335-d.html">http://www.loc.gov/catdir/enhancements/fy1604/2014431335-d.html</a>
906 ## - LOCAL DATA ELEMENT F, LDF (RLIN)
a 7
b cbc
c copycat
d 2
e ncip
f 20
g y-gencatlg
942 ## - ADDED ENTRY ELEMENTS (KOHA)
Source of classification or shelving scheme
Koha item type Book
Holdings
Withdrawn status Lost status Source of classification or shelving scheme Damaged status Not for loan Permanent Location Current Location Date acquired Total Checkouts Full call number Barcode Date last seen Price effective from Koha item type
          NUST Law School (NLS) NUST Law School (NLS) 03/14/2025   347.41109 HON NLS-1405 03/14/2025 03/14/2025 Book
© 2023 Central Library, National University of Sciences and Technology. All Rights Reserved.